BREVE INTRODUCCION A LA TEOLOGIA DE SAN PABLO

Guardat en:
Dades bibliogràfiques
Autor principal: Grossouw, W. (autor)
Format: Llibre
Matèries:
Etiquetes: Afegir etiqueta
Sense etiquetes, Sigues el primer a etiquetar aquest registre!

MARC

LEADER 00000nam^a2200000^a^4500
001 000205193
005 20250521000000.0
009 20260310103108.653
035 |a 002827 
037 |a Acervo Xavier Clavigero 
082 |a 228. 13  |b GRO 
100 |a Grossouw, W.  |e (autor) 
245 1 0 |a BREVE INTRODUCCION A LA TEOLOGIA DE SAN PABLO 
264 |a BUENOS AIRES :  |b CARLOS LOHLE,  |c 1961 
300 |a 83p. 
336 |a texto  |b txt  |2 rdacontenido 
337 |a sin mediación  |b n  |2 rdamedio 
338 |a volumen  |b nc  |2 rdasoporte 
649 |a XX 
650 |a Biblia 
910 |a Fondo General 
920 |a Impresos - Libros 
930 |a Colección General 
905 |a 101 
901 |a 002827  |b IT1  |c ACC  |i 002827  |u 20250521 
902 |a https://opac.biblio.iteso.mx/vufind/Record/000205193